Our magnetic earth: (Record no. 7478)

MARC details
000 -LEADER
fixed length control field 00608nam a22002177a 4500
003 - CONTROL NUMBER IDENTIFIER
control field OSt
005 - DATE AND TIME OF LATEST TRANSACTION
control field 20211115120615.0
008 - FIXED-LENGTH DATA ELEMENTS--GENERAL INFORMATION
fixed length control field 211115b ||||| |||| 00| 0 eng d
020 ## - INTERNATIONAL STANDARD BOOK NUMBER
International Standard Book Number 9780226006598
020 ## - INTERNATIONAL STANDARD BOOK NUMBER
International Standard Book Number 022600659x
040 ## - CATALOGING SOURCE
Language of cataloging DDC
Transcribing agency DDC
082 ## - DEWEY DECIMAL CLASSIFICATION NUMBER
Classification number 538.7MER2010
100 ## - MAIN ENTRY--PERSONAL NAME
Personal name Merrill,T.Ronald;
9 (RLIN) 15325
245 ## - TITLE STATEMENT
Title Our magnetic earth:
Remainder of title The science of goemagnetism
Statement of responsibility, etc. Merrill Ronald T.
260 ## - PUBLICATION, DISTRIBUTION, ETC. (IMPRINT)
Place of publication, distribution, etc. London,
Name of publisher, distributor, etc. University of Chicago,
Date of publication, distribution, etc. 2010:
300 ## - PHYSICAL DESCRIPTION
Extent 261p:
Other physical details ill;
Dimensions 23cm.
504 ## - BIBLIOGRAPHY, ETC. NOTE
Bibliography, etc Includes: Appendix and Index
600 ## - SUBJECT ADDED ENTRY--PERSONAL NAME
Source of heading or term Geomagnetism
650 ## - SUBJECT ADDED ENTRY--TOPICAL TERM
Topical term or geographic name as entry element Physics.
9 (RLIN) 809
942 ## - ADDED ENTRY ELEMENTS (KOHA)
Source of classification or shelving scheme Other/Generic Classification Scheme
Koha item type Open Shelf
Holdings
Withdrawn status Lost status Source of classification or shelving scheme Damaged status Not for loan Home library Current library Date acquired Source of acquisition Inventory number Total Checkouts Barcode Date last seen Price effective from Koha item type
    Dewey Decimal Classification     MUST Main Library MUST Main Library 15/11/2021 Donation 14/38744   2021-1684 15/11/2021 15/11/2021 Book